000
00210nam a2200085Ia 4500
008
170620s9999 xx 000 0 und d
100
_a
Fitzgerald- P.J.
245
0
_a
Salmond on Jurisprudence
260
_b
Universal Law Pub.
260
_c
2002
999
_c
28583
_d
28583